カタールワールドカップ出場選手(ベルギー) - Statistics

General Stats
  • This quiz has been taken 73 times
  • The average score is 9 of 26
Answer Stats
背番号 選手 % Correct
9 ロメル・ルカク
98%
1 ティボー・クルトワ
94%
22 シャルレ・デ・ケーテラーレ
92%
10 エデン・アザール
73%
16 トルガン・アザール
73%
7 ケヴィン・デ・ブライネ
71%
5 ヤン・ファルトンゲン
45%
25 ジェレミー・ドク
39%
11 ヤニック・フェレイラ・カラスコ
37%
6 アクセル・ヴィツェル
35%
14 ドリース・メルテンス
35%
17 レアンドロ・トロサール
35%
23 ミヒー・バチュアイ
35%
15 トーマス・ムニエ
31%
8 ユーリ・ティーレマンス
27%
18 アマドゥ・オナナ
20%
12 シモン・ミニョレ
16%
2 トビー・アルデルヴァイレルト
10%
26 ゼノ・デバスト
8%
4 ヴォウト・ファエス
6%
21 ティモシー・カスターニュ
6%
13 クーン・カスティールス
4%
19 レアンデル・デンドンケル
4%
3 アルトゥール・テアトル
2%
24 ロイス・オペンダ
2%
20 ハンス・ヴァナケン
0%
No matching quizzes found
Score Distribution
Percent of People with Each Score
Percentile by Number Answered
Your Score History
You have not taken this quiz